<?xml version="1.0" encoding="UTF-8"?>
<record
    xmlns:xsi="http://www.w3.org/2001/XMLSchema-instance"
    xsi:schemaLocation="http://www.loc.gov/MARC21/slim http://www.loc.gov/standards/marcxml/schema/MARC21slim.xsd"
    xmlns="http://www.loc.gov/MARC21/slim">

  <leader>03101nam a22002777a 4500</leader>
  <controlfield tag="008">251028b        |||||||| |||| 00| 0 eng d</controlfield>
  <datafield tag="020" ind1=" " ind2=" ">
    <subfield code="a">9782330191122</subfield>
  </datafield>
  <datafield tag="040" ind1=" " ind2=" ">
    <subfield code="c">tbs</subfield>
  </datafield>
  <datafield tag="041" ind1=" " ind2=" ">
    <subfield code="h">swe</subfield>
  </datafield>
  <datafield tag="100" ind1=" " ind2=" ">
    <subfield code="a">L&#xE4;ckberg, Camilla</subfield>
    <subfield code="d">1974-</subfield>
    <subfield code="9">26342</subfield>
    <subfield code="e">author</subfield>
  </datafield>
  <datafield tag="240" ind1=" " ind2=" ">
    <subfield code="a">G&#xF6;kungen.</subfield>
    <subfield code="l">French</subfield>
  </datafield>
  <datafield tag="245" ind1=" " ind2=" ">
    <subfield code="a">Le nid du coucou</subfield>
    <subfield code="c">/ Camilla L&#xE4;ckberg ; translated by Susanne Juul, Andreas Saint-Bonnet.</subfield>
  </datafield>
  <datafield tag="260" ind1=" " ind2=" ">
    <subfield code="a">Arles : </subfield>
    <subfield code="b">Actes Sud, </subfield>
    <subfield code="c">2024.</subfield>
  </datafield>
  <datafield tag="300" ind1=" " ind2=" ">
    <subfield code="a">418 pages ;</subfield>
    <subfield code="c">24 cm.</subfield>
  </datafield>
  <datafield tag="520" ind1=" " ind2=" ">
    <subfield code="a">Sur sa petite &#xEE;le priv&#xE9;e au large de Fj&#xE4;llbacka, le couple Bauer f&#xEA;te ses noces d'or, entour&#xE9; de ses proches. Henning Bauer est l'un des plus c&#xE9;l&#xE8;bres &#xE9;crivains su&#xE9;dois et l'acad&#xE9;mie Nobel est sur le point de consacrer son immense talent. Mais deux &#xE9;v&#xE9;nements terribles viennent contrecarrer cette reconnaissance, qui peut-&#xEA;tre ne serait pas si m&#xE9;rit&#xE9;e. Un ami photographe qui pr&#xE9;pare une r&#xE9;trospective devant se cl&#xF4;turer par une &#x153;uvre intitul&#xE9;e Culpabilit&#xE9; est retrouv&#xE9; assassin&#xE9;. Le lendemain, le fils Bauer et ses deux gar&#xE7;ons sont tu&#xE9;s dans leur sommeil. Tandis que l'enqu&#xEA;te de Patrik Hedstr&#xF6;m et ses coll&#xE8;gues pi&#xE9;tine, Erica Falck se plonge dans un cold case qui l'intrigue: la mort d'un transgenre &#xE0; Stockholm dans les ann&#xE9;es 1980. Elle comprend peu &#xE0; peu que le pass&#xE9; &#xE9;tend ses tentacules jusque dans le pr&#xE9;sent, et que de vieux p&#xE9;ch&#xE9;s laissent de longues ombres derri&#xE8;re eux. Promesse tenue pour ce retour aux sources tant attendu de Camilla L&#xE4;ckberg--la magie op&#xE8;re toujours, la reine incontest&#xE9;e du polar scandinave est au sommet de son art.</subfield>
  </datafield>
  <datafield tag="520" ind1=" " ind2=" ">
    <subfield code="a">On their small private island off the coast of Fj&#xE4;llbacka, the Bauer couple is celebrating their golden wedding anniversary surrounded by loved ones. Henning Bauer is one of Sweden&#x2019;s most famous authors, and the Nobel Academy is about to honor his immense talent. But two terrible events suddenly jeopardize this long-awaited recognition&#x2014;one that perhaps isn&#x2019;t as deserved as it seems.

A photographer friend, preparing a retrospective set to conclude with a work titled Guilt, is found murdered. The next day, the Bauer son and his two boys are killed in their sleep.

While Patrik Hedstr&#xF6;m and his colleagues struggle to make progress in the investigation, Erica Falck immerses herself in an intriguing cold case: the death of a transgender person in Stockholm in the 1980s. Little by little, she realizes that the past is reaching into the present, and that old sins cast long shadows.

A triumphant return to her roots&#x2014;Camilla L&#xE4;ckberg&#x2019;s magic is as powerful as ever, and the undisputed queen of Nordic crime fiction is at the top of her game.</subfield>
  </datafield>
  <datafield tag="650" ind1=" " ind2="0">
    <subfield code="a">Cold cases (Criminal investigation)</subfield>
    <subfield code="v">Fiction</subfield>
    <subfield code="9">26343</subfield>
  </datafield>
  <datafield tag="650" ind1=" " ind2="0">
    <subfield code="a">Homosexuality</subfield>
    <subfield code="v">Fiction</subfield>
    <subfield code="9">26344</subfield>
  </datafield>
  <datafield tag="650" ind1=" " ind2="0">
    <subfield code="a">Murder</subfield>
    <subfield code="x">Investigation</subfield>
    <subfield code="v">Fiction</subfield>
    <subfield code="9">7769</subfield>
  </datafield>
  <datafield tag="650" ind1=" " ind2="0">
    <subfield code="a">Photographers</subfield>
    <subfield code="x">Crimes against</subfield>
    <subfield code="v">Fiction</subfield>
    <subfield code="9">26345</subfield>
  </datafield>
  <datafield tag="650" ind1=" " ind2="0">
    <subfield code="a">Secrecy</subfield>
    <subfield code="v">Fiction</subfield>
    <subfield code="9">25722</subfield>
  </datafield>
  <datafield tag="650" ind1=" " ind2="0">
    <subfield code="a">Male-to-female transsexuals</subfield>
    <subfield code="x">Crimes against</subfield>
    <subfield code="v">Fiction</subfield>
    <subfield code="9">26346</subfield>
  </datafield>
  <datafield tag="651" ind1=" " ind2="0">
    <subfield code="a">Stockholm (Sweden)</subfield>
    <subfield code="v">Fiction</subfield>
    <subfield code="9">26347</subfield>
  </datafield>
  <datafield tag="655" ind1=" " ind2="0">
    <subfield code="a">Thrillers (Fiction)</subfield>
    <subfield code="9">22669</subfield>
  </datafield>
  <datafield tag="942" ind1=" " ind2=" ">
    <subfield code="2">lcc</subfield>
  </datafield>
  <datafield tag="952" ind1=" " ind2=" ">
    <subfield code="0">0</subfield>
    <subfield code="1">0</subfield>
    <subfield code="2">lcc</subfield>
    <subfield code="4">0</subfield>
    <subfield code="7">0</subfield>
    <subfield code="a">TBS</subfield>
    <subfield code="b">TBS</subfield>
    <subfield code="d">2025-10-28</subfield>
    <subfield code="l">0</subfield>
    <subfield code="o">P-FR LAC</subfield>
    <subfield code="p">B06049</subfield>
    <subfield code="r">2025-10-28</subfield>
    <subfield code="t">1</subfield>
    <subfield code="w">2025-10-28</subfield>
    <subfield code="y">1</subfield>
  </datafield>
  <datafield tag="999" ind1=" " ind2=" ">
    <subfield code="c">5113</subfield>
    <subfield code="d">5113</subfield>
  </datafield>
</record>
